00590nam a2200169 a 450000100100000000500170001000800410002704000250006811000280009324500260012126000420014730000740018950000260026304900090028995201050029899900170040300003019220200930060123.0110504s2008 es 000 0 spa d aDO-SdBNPbspacBNPHU1 aFundación BBVA95689910aMemoria anual 2008 /. cBilbao :bFundación BBVA,c[2008?]. a207 p. :bil., gráf., retrs., +e1 disco compacto (CD-ROM) ;c29 cm. aTextos a dos columnas aBNPD 001050718MOaPDbPDcHDd2011-05-04iLF1l0o p30192-10r2020-06-25w2020-06-25y1ZNo se presta c29684d29684